005470000a2200157000450024500450000065000280004565000250007365000170009865100280011565300450014304100130018870000210020170000210022210000190024377301270026210aManatee mortality in Florida during 197814aMamíferos acuáticos14aCausas de mortalidad14aNecrología 4dFloridapEstados Unidos gTrichechuseTrichechus manatusvmanatí0 aInglés1 aBonde, Robert K.1 aOdell, Daniel K.1 aBeck, Cathy A.1 tWest Indian Manatee in Florida: proceedings of a workshop held in Orlando / Ed. R. L. Brownell K. Ralls3230q76-85d1978